000 00667nam a2200265 i 4500
001 C2-0258533
003 PPAK
005 20180727225141.0
008 041007s1999 nyu |||| ||||| | eng d
020 _a0679882642
040 _aPPAK
_beng
_cPPAK
_erda
082 0 4 _a823
_223
090 0 0 _a823
_bDAV
_dK
100 1 _aDavid, Peter,
_eauthor
245 1 4 _aThe maze
264 1 _aNew York :
_bRandom House ,
_c1999
300 _a140 pages ;
_c20 cm
336 _2rdacontent
_atext
337 _2rdamedia
_aunmediated
338 _2rdacarrier
_avolume
490 1 _aDinotopia
650 1 0 _aChildren's stories, English
830 0 _aDinotopia
942 _ddc
_cB
999 _c70112
_d70112